| 000 | 00367 a2200157 4500 | ||
|---|---|---|---|
| 001 | 156750 | ||
| 020 | _a8508023847 | ||
| 040 | _cEscola São Tomás de Aquino | ||
| 100 | _aFALCÃO, Gérson Marinho | ||
| 240 | 1 | 0 |
_aPsicologia da aprendizagem _lpor |
| 245 | 1 | 0 | _aPsicologia da aprendizagem |
| 300 | _a237 | ||
| 362 | 0 | _a1996 | |
| 697 | _aEducação | ||
| 942 | _cBK | ||
| 999 |
_c156750 _d156750 |
||